书目信息 |
| 题名: |
古剧考原
|
|
| 作者: | 黎国韬 著 | |
| 分册: | ||
| 出版信息: | 广州 中山大学出版社 2011.08 |
|
| 页数: | 279页 | |
| 开本: | 24cm | |
| 丛书名: | ||
| 单 册: | ||
| 中图分类: | J809.22 | |
| 科图分类: | ||
| 主题词: | 古代戏曲--gu dai xi qu--研究--中国 | |
| 电子资源: | ||
| ISBN: | 978-7-306-03845-6 | |
| 000 | 00832nam0 2200241 450 | |
| 001 | 012011192344 | |
| 005 | 20111117162719.65 | |
| 010 | @a978-7-306-03845-6@dCNY35.00 | |
| 100 | @a20111117d2011 em y0chiy0120 ea | |
| 101 | 0 | @achi |
| 102 | @aCN@b440000 | |
| 105 | @ay a 000yy | |
| 106 | @ar | |
| 200 | 1 | @a古剧考原@Agu ju kao yuan@f黎国韬著@Fli guo tao zhu |
| 210 | @a广州@c中山大学出版社@d2011.08 | |
| 215 | @a279页@d24cm | |
| 320 | @a有书目 (第267-279页) | |
| 330 | @a本书研究了中国古代戏剧尤其是宋元以前的戏剧,分别介绍了历代傩仪的发展情况,兼及对傩戏的探讨以及秦汉至宋金的傀儡戏,同时介绍了十六国至五代的参军戏,兼及对两宋杂剧的探讨。 | |
| 606 | 0 | @a古代戏曲@Agu dai xi qu@x研究@y中国 |
| 690 | @aJ809.22@v4 | |
| 701 | 0 | @a黎国韬@Ali guo tao@4著 |
| 801 | 0 | @aCN@bQSSK@c20111117 |
| 905 | @b795276-78@dJ809.22@eL106@f3 | |
| 古剧考原/黎国韬著.-广州:中山大学出版社,2011.08 |
| 279页;24cm |
| ISBN 978-7-306-03845-6:CNY35.00 |
| 本书研究了中国古代戏剧尤其是宋元以前的戏剧,分别介绍了历代傩仪的发展情况,兼及对傩戏的探讨以及秦汉至宋金的傀儡戏,同时介绍了十六国至五代的参军戏,兼及对两宋杂剧的探讨。 |
| ● |
| 相关链接 |
|
|
|
正题名:古剧考原
索取号:J809.22/L106
 
预约/预借
| 序号 | 登录号 | 条形码 | 馆藏地/架位号 | 状态 | 备注 |
| 1 | 795276 | 207952768 | 社科库309/309社科库 95排3列3层/ [索取号:J809.22/L106] | 在馆 | |
| 2 | 795277 | 207952777 | 社科库309/309社科库 95排3列3层/ [索取号:J809.22/L106] | 在馆 | |
| 3 | 795278 | 207952786 | 社科库309/309社科库 95排3列3层/ [索取号:J809.22/L106] | 在馆 |